00322nam a22001097a 4500082001300000100004400013245008200057250000800139260002000147526003700167650000800204 a297bMIS a Misry, Raza, Rashid, Syed , Allama.  aاسلام کی امتیازی خصوصیاتcAllama Syed Rashid Raza Misry a5th aIslamabadc1999 a0b0c0d297_000000000000000_MIS aMCE